000 00497nam a2200193Ia 4500
005 20260429112056.0
008 260429s9999||||xx |||||||||||||| ||und||
020 _a9789363865679
041 _aEnglish
082 _a370.152
_bCOH
100 _aCohen, Martin
245 0 _aCritical thinking skills for dummies /
_cMartin Cohen
250 _a2nd ed.
260 _aNew Delhi :
_bWiley,
_c2025.
300 _axii, 354 p.; pbk
650 _a Skill
650 _aCritical thinking
942 _cTB
999 _c52218
_d52218